| 000 | 00849nas a2200277 4500 | ||
|---|---|---|---|
| 001 | BR2016001444 | ||
| 003 | BR-BrBNA | ||
| 005 | 20231205130300.0 | ||
| 007 | ta | ||
| 008 | 230509b bl.|||p| |||| 00| 00por d | ||
| 040 |
_aBR-BrBNA _bpor _cBiblioteca Nacional de Agricultura |
||
| 041 | _a(En) | ||
| 072 | _aF60 | ||
| 100 | 1 | _aFarias, M.E. | |
| 100 | 1 | _aMartinazzo, E.G. | |
| 100 | 1 | _aBacarin, M.A. | |
| 245 | 1 | _aChlorophyll fluorescence in the evaluation of photosynthetic electron transport chain inhibitors in the pea | |
| 650 | _aERVILHA | ||
| 650 | _aPISUM SATIVUM | ||
| 650 | _aFOTOMETRIA | ||
| 650 | _aATRAZINA | ||
| 650 | _aHERBICIDA | ||
| 773 | 0 |
_tRevista Ciência Agronômica (Brazil) _xISSN 0045-6888 _g(Jan-Mar 2016), v. 47(1) p. 178-186 _wBR2016001444 |
|
| 909 |
_a202311 _bLúcia _c55 _dLúcia Elande |
||
| 942 |
_2AGRIS _n0 _cANA |
||
| 999 |
_c248628 _d248628 |
||